00713nam a22002057a 4500003000500000005001700005008004100022010001000063011001000073035001000083040000900093100003600102245013400138260004000272300001900312502009300331650002100424650003500445650002700480CHAP20220329140009.0971013s1980 r 00010 d a45265 a46237 a50378 cCHAP00aReed Segovia, Carlos Guillermo. aInfluencia del número de parto en bovinos para la determinación prenatal del sexo por medio del análisis visual de la vulva aMonterrey, N. L. :bEl autor,c1980 a29 h.b: ilus. aTesis (Ing. Agr. Productor) -- ITESM. División de Ciencias Agropecuarias y Marítimas14aGanado Holstein.14aGanado vacunoxReproducción.14aSexoxDeterminación.